Statistics for Multiple-Choice Capitals

Click here to take the quiz!

General Stats

  • This quiz has been taken 19 times
  • The average score is 24 of 25

Answer Stats

QuestionAnswer% Correct
ChinaBeijing
100%
ArgentinaBuenos Aires
100%
IndiaDelhi
100%
VietnamHanoi
100%
United KingdomLondon
100%
MexicoMexico City
100%
BelarusMinsk
100%
RussiaMoscow
100%
ChadN'Djamena
100%
CanadaOttawa
100%
FranceParis
100%
North KoreaPyongyang
100%
IcelandReykjavik
100%
Sao Tome and PrincipeSao Tome
100%
South KoreaSeoul
100%
JapanTokyo
100%
PolandWarsaw
100%
CambodiaPhnom Penh
94%
EcuadorQuito
94%
ChileSantiago
94%
FijiSuva
94%
United StatesWashington DC
94%
TongaNuku'Alofa
88%
TaiwanTaipei
88%
NamibiaWindhoek
75%

Score Distribution

Percentile by Number Answered

Percent of People with Each Score

Your Score History

You have not taken this quiz